Statistics for Strange Bible Stories - Multiple Choice

Click here to take the quiz!

General Stats

  • This quiz has been taken 196 times
  • The average score is 7 of 10

Answer Stats

QuestionAnswer% Correct
Jesus said that it’s easier for a camel to pass through the eye of a needle than......for a rich man to enter the kingdom of heaven.
92%
Two angels visit a guy called Lot in the town of Sodom. All men living in Sodom turn up at Lot's door demanding to rape the angels, so Loot......asks the men if they would rape his daughters instead.
84%
Lot and his daughters escape Sodom and move to an isolated cave. There......the daughters get their dad drunk and rape him.
81%
David wants to marry Saul's daughter, but Saul doesn't want David to marry his daughter, so he demands a bride price of...100 foreskins of his enemies.
78%
Elisha was a man who was ridiculed by some kids so he cursed the kids and sent a bunch of bears to kill all 42 of these kids who had been teasing him. Why did the kids make fun of Elisha?He was bald
73%
According to Deuteronomy 22: ''If you see your neighbor working on a Sabbath, you should...''...kill him.''
72%
What is a real biblical ''Don't'' (Leviticus 19:19) ?Do not wear clothing woven of two kinds of material
71%
Samson caught 300 of these animals and tied them together for some reasson. Which animal was this?Fox
71%
Which is a real verse (Exodus 22:18) ?"Do not allow a sorceress to live."
59%
How does this Psalm 137 continue: "Happy is he who repays you for what you have done to us ......He who seizes your infants and dashes them against the rocks."
45%

Score Distribution

Percentile by Number Answered

Percent of People with Each Score

Your Score History

You have not taken this quiz